| 000 | 01118nam a22003375i 4500 | ||
|---|---|---|---|
| 999 |
_c28953 _d28924 |
||
| 001 | 016888859 | ||
| 003 | EG-ScBUE | ||
| 005 | 20201019142057.0 | ||
| 008 | 150825t20142014enka f b 001 0 eng d | ||
| 020 | _a9781292015682 (paperback) | ||
| 020 | _a1292015683 (paperback) | ||
| 040 |
_aStDuBDS _beng _erda _cStDuBDS _dEG-ScBUE |
||
| 082 | 0 | 4 |
_a621.382 _bPRO _222 |
| 100 | 1 |
_aProakis, John G., _eauthor. _933146 |
|
| 245 | 1 | 0 |
_aFundamentals of communication systems / _cJohn G. Proakis, Masoud Salehi. |
| 250 | _aSecond edition. | ||
| 250 | _aGlobal edition. | ||
| 264 | 1 |
_aHarlow : _bPearson, _c[2014] |
|
| 264 | 4 | _cc2014 | |
| 300 |
_a923 pages : _billustrations (black and white) ; _c24 cm |
||
| 336 |
_atext _btxt _2rdacontent |
||
| 336 |
_astill image _btxt _2rdacontent |
||
| 337 |
_aunmediated _bn _2rdamedia |
||
| 338 |
_avolume _bnc _2rdacarrier |
||
| 504 | _aIncludes bibliographical references and index. | ||
| 650 | 7 |
_aTelecommunication systems. _2BUEsh |
|
| 650 | 7 |
_aTelecommunication. _2BUEsh |
|
| 653 |
_bCOMSCI _bENGGEN _cOctober2020 |
||
| 700 | 1 | 0 |
_aSalehi, Masoud, _eauthor. _934517 |
| 942 |
_2ddc _cBB |
||